000 00562nam a22002057a 4500
999 _c6792
_d6792
003 OSt
005 20210604092026.0
008 210225b ||||| |||| 00| 0 eng d
020 _a0443044295
040 _cDLC
082 _aQS4 L339a 1990
100 _aMcMinn, R. M. H
_913912
245 _aLast's Anatomy:
_bregional and applied
250 _a8th.ed
260 _aEdniburgh;
_bChurchill Livingstone,
_c1990
300 _aviii,710p;
_bill :
_c24cm.
504 _aIncludes bibliographical references and index
650 _aAnatomy
_9124
942 _2z
_cO_SHELF